[Event "20th EUR-ch"]
[Site "Skopje MKD"]
[Date "2019.03.19"]
[Round "2"]
[White "Protopopova, Anastasiya"]
[Black "Huttl, Sofie"]
[Result "1-0"]
[WhiteElo "2263"]
[BlackElo "1741"]
[EventDate "2019.03.18"]
[Board "177"]
[PlyCount "75"]

1.d4 d5 2.Nf3 Nf6 3.c4 e6 4.g3 Be7 5.Bg2 O-O 6.O-O dxc4 7.Qc2 a6 8.a4 Bd7 
9.Rd1 Bc6 10.Bg5 Nbd7 11.Qxc4 Nb6 12.Qc2 Be4 13.Qc1 Bxb1 14.Qxb1 a5 15.e4 
c6 16.Qc2 Nbd7 17.h3 Nb8 18.Qb3 Qc7 19.Nd2 Na6 20.Bf4 Qc8 21.Nc4 Nb4 22.
Nb6 Qd8 23.Nxa8 Qxa8 24.Bg5 Rd8 25.Rac1 Qa7 26.d5 exd5 27.e5 Ne4 28.Bxe7 
Qxf2+ 29.Kh2 Re8 30.Bxb4 axb4 31.Rc2 Qf5 32.Re2 Ng5 33.Rf1 Qg6 34.Qxb4 f6 
35.Qf4 Ne6 36.Qf2 Rf8 37.exf6 Rxf6 38.Qe1 1-0

[Event "20th EUR-ch"]
[Site "Skopje MKD"]
[Date "2019.03.19"]
[Round "2"]
[White "Miftari, Hedon"]
[Black "Martic, Zlatko"]
[Result "0-1"]
[WhiteElo "1527"]
[BlackElo "2261"]
[EventDate "2019.03.18"]
[Board "178"]
[PlyCount "90"]

1.e4 c6 2.d4 d5 3.Nc3 a6 4.Nf3 Bg4 5.Be2 Bxf3 6.Bxf3 e6 7.O-O Nf6 8.Re1 
Be7 9.Bf4 O-O 10.exd5 cxd5 11.Ne2 Nc6 12.c3 Rc8 13.Ng3 Na5 14.Be2 Nc4 15.
Bxc4 Rxc4 16.Bg5 b5 17.Bxf6 Bxf6 18.a3 g6 19.Nf1 a5 20.Ne3 Rc6 21.Nc2 Qb6 
22.Qd2 Rfc8 23.Rac1 Be7 24.g3 Qc7 25.Re3 b4 26.axb4 axb4 27.Ne1 Qa7 28.Nc2
Qa2 29.cxb4 Qxb2 30.Re2 Bxb4 31.Qd1 Be7 32.Rb1 Qc3 33.Ne1 Bf6 34.Rd2 Qa3 
35.Rc2 Rxc2 36.Nxc2 Qc3 37.Ne3 Bxd4 38.Ng4 h5 39.Nh6+ Kg7 40.Nxf7 Kxf7 41.
Rb7+ Kg8 42.Qe2 e5 43.Qa2 Qe1+ 44.Kg2 Qe4+ 45.Kh3 Rf8 0-1

[Event "20th EUR-ch"]
[Site "Skopje MKD"]
[Date "2019.03.19"]
[Round "2"]
[White "Maltsevskaya, Aleksandra"]
[Black "Taleski, Vaso"]
[Result "1-0"]
[WhiteElo "2252"]
[BlackElo "1677"]
[EventDate "2019.03.18"]
[Board "179"]
[PlyCount "89"]

1.e4 c5 2.Nf3 d6 3.d4 cxd4 4.Nxd4 Nf6 5.Nc3 a6 6.h3 e6 7.g4 h6 8.Bg2 Qc7 
9.Be3 Bd7 10.Qe2 Nc6 11.O-O-O Nxd4 12.Bxd4 e5 13.Be3 g5 14.h4 Rg8 15.hxg5 
hxg5 16.f3 O-O-O 17.Qf2 Qc6 18.Qd2 Ne8 19.Bxg5 f6 20.Be3 Be7 21.Nd5 Bf8 
22.Bb6 Be6 23.Qa5 Rd7 24.Bf1 Rf7 25.Rd3 Kb8 26.Rc3 Qd7 27.Be3 Bxd5 28.exd5
Nc7 29.Qb6 Kc8 30.Qa7 Kd8 31.Qxb7 Qc8 32.Qxc8+ Kxc8 33.Bxa6+ Kd7 34.Bb7 f5
35.Bb6 Kd8 36.gxf5 Rgg7 37.a4 Rh7 38.Rg1 Rh4 39.a5 Ra4 40.Kb1 Rh7 41.b3 
Rb4 42.Rg8 Ke8 43.Rxc7 Rxc7 44.Bxc7 Rxb7 45.Bxd6 1-0

[Event "20th EUR-ch"]
[Site "Skopje MKD"]
[Date "2019.03.20"]
[Round "3"]
[White "Azarov, Sergei"]
[Black "Grandelius, Nils"]
[Result "1-0"]
[WhiteElo "2585"]
[BlackElo "2694"]
[EventDate "2019.03.18"]
[Board "2"]
[PlyCount "117"]

1.e4 c5 2.Nf3 d6 3.d4 cxd4 4.Nxd4 Nf6 5.Nc3 a6 6.Bg5 Nbd7 7.Bc4 Qb6 8.Bb3 
e6 9.Qd2 Be7 10.O-O-O Nc5 11.Rhe1 h6 12.Bh4 O-O 13.Qe3 Qc7 14.g4 Nfxe4 15.
Bxe7 Nxc3 16.bxc3 Qxe7 17.Nf5 Qc7 18.Nxd6 Rd8 19.Qe5 b6 20.f4 Bb7 21.f5 
Bd5 22.Nxf7 Qxf7 23.fxe6 Bxe6 24.Rxd8+ Rxd8 25.Bxe6 Nxe6 26.Qxe6 Rd5 27.a4
Rc5 28.Kb2 Rc4 29.Qxb6 Rxa4 30.h3 Kh7 31.Qb3 Qd7 32.Re5 Rf4 33.Qd5 Qc8 34.
Re7 Qb8+ 35.Rb7 Qe8 36.Qd3+ Kh8 37.Qd6 Rf8 38.Qe7 Qxe7 39.Rxe7 Rb8+ 40.Ka3
Rc8 41.Kb3 Rb8+ 42.Ka4 Rc8 43.Re3 Rc5 44.Kb4 Rb5+ 45.Kc4 h5 46.Kd4 hxg4 
47.hxg4 Rb2 48.Re2 Kh7 49.c4 a5 50.Kc3 Rb1 51.Re5 a4 52.Ra5 Rg1 53.c5 Rxg4
54.c6 Rf4 55.c7 Rf8 56.Rxa4 g5 57.Rc4 Rc8 58.Kb4 g4 59.Rxg4 1-0

[Event "20th EUR-ch"]
[Site "Skopje MKD"]
[Date "2019.03.20"]
[Round "3"]
[White "Maze, Sebastien"]
[Black "Cheparinov, Ivan"]
[Result "0-1"]
[WhiteElo "2578"]
[BlackElo "2683"]
[EventDate "2019.03.18"]
[Board "3"]
[PlyCount "64"]

1.e4 e5 2.Nf3 Nc6 3.Bb5 a6 4.Ba4 Nf6 5.O-O Be7 6.d3 b5 7.Bb3 d6 8.a3 Na5 
9.Ba2 c5 10.Nc3 Be6 11.Bg5 c4 12.d4 Qc7 13.h3 O-O 14.Qd2 Rfe8 15.Rfe1 Rad8
16.d5 Bd7 17.b4 cxb3 18.cxb3 Rc8 19.Rac1 Qb8 20.Nb1 Rxc1 21.Qxc1 h6 22.Bd2
Rc8 23.Qd1 Bd8 24.Bc3 Bb6 25.Qd2 Qc7 26.g4 h5 27.g5 Nh7 28.Kh2 Nf8 29.Nh4 
Ng6 30.Ng2 Qd8 31.f3 h4 32.Bb4 Rc2 0-1

[Event "20th EUR-ch"]
[Site "Skopje MKD"]
[Date "2019.03.20"]
[Round "3"]
[White "Buhmann, Rainer"]
[Black "Rodshtein, Maxim"]
[Result "1/2-1/2"]
[WhiteElo "2568"]
[BlackElo "2673"]
[EventDate "2019.03.18"]
[Board "4"]
[PlyCount "21"]

1.e4 c6 2.Nf3 d5 3.Nc3 Bg4 4.h3 Bxf3 5.Qxf3 e6 6.Be2 Nf6 7.O-O Bc5 8.d3 
O-O 9.Qg3 Bd4 10.Qh4 Nfd7 11.Qxd8 1/2-1/2

[Event "20th EUR-ch"]
[Site "Skopje MKD"]
[Date "2019.03.20"]
[Round "3"]
[White "Berkes, Ferenc"]
[Black "Lomasov, Semyon"]
[Result "1/2-1/2"]
[WhiteElo "2666"]
[BlackElo "2559"]
[EventDate "2019.03.18"]
[Board "5"]
[PlyCount "119"]

1.d4 e6 2.Nf3 Nf6 3.g3 c5 4.Bg2 cxd4 5.O-O d5 6.Nxd4 e5 7.Nf3 Nc6 8.c4 d4 
9.e3 Be7 10.exd4 exd4 11.Bf4 O-O 12.Ne5 Qb6 13.Nxc6 bxc6 14.Qb3 Be6 15.Rd1
Rac8 16.Qxb6 axb6 17.Rxd4 Bc5 18.Rd2 Bxc4 19.Nc3 Bb4 20.Rc1 Bxc3 21.Rxc3 
Bd5 22.Rdc2 Ne4 23.Ra3 Ra8 24.Rxa8 Rxa8 25.b3 f5 26.Be3 b5 27.f3 Nf6 28.
Kf2 Kf7 29.Bf1 g6 30.Be2 h5 31.h4 Ne8 32.Rd2 Be6 33.Rc2 Bd7 34.Bd1 Nf6 35.
Bd2 Nd5 36.Rb2 Ra3 37.Be2 Be6 38.Rc2 Bd7 39.Bc1 Ra8 40.a3 Ke6 41.Bd1 Kf7 
42.Rd2 Be6 43.Rc2 b4 44.axb4 Nxb4 45.Rd2 Ra5 46.Bb2 Rd5 47.Rxd5 Nxd5 48.
Be5 Bc8 49.Be2 Be6 50.Bd1 Bc8 51.Bd4 Ba6 52.Ke1 Bb5 53.Kd2 Ba6 54.Ke1 Bb5 
55.Kf2 Ba6 56.g4 hxg4 57.fxg4 fxg4 58.Bxg4 Bd3 59.Bd1 Ke6 60.Bg4+ 1/2-1/2

[Event "20th EUR-ch"]
[Site "Skopje MKD"]
[Date "2019.03.20"]
[Round "3"]
[White "Alonso Rosell, Alvar"]
[Black "Melkumian, Hrant"]
[Result "1/2-1/2"]
[WhiteElo "2559"]
[BlackElo "2661"]
[EventDate "2019.03.18"]
[Board "6"]
[PlyCount "71"]

1.d4 Nf6 2.Nf3 g6 3.g3 d5 4.Bg2 c6 5.O-O Bg7 6.Nbd2 O-O 7.c4 a5 8.b3 a4 9.
Bb2 Bf5 10.a3 axb3 11.Qxb3 Nbd7 12.cxd5 cxd5 13.Bc3 Qb6 14.Qxb6 Nxb6 15.
Bb4 Rfe8 16.Rfc1 Ne4 17.e3 Nxd2 18.Nxd2 e6 19.Rc7 Rab8 20.Bf1 e5 21.Bb5 
Rec8 22.Rxc8+ Rxc8 23.dxe5 Bxe5 24.Re1 Nc4 25.Nf3 Be4 26.Bxc4 Bxf3 27.Be2 
Bxe2 28.Rxe2 Rc1+ 29.Kg2 Bc3 30.Bxc3 Rxc3 31.Rb2 Rxa3 32.Rxb7 Ra5 33.Re7 
Kg7 34.Re5 Kf6 35.Re8 h5 36.h4 1/2-1/2

[Event "20th EUR-ch"]
[Site "Skopje MKD"]
[Date "2019.03.20"]
[Round "3"]
[White "Martinovic, Sasa"]
[Black "Gelfand, Boris"]
[Result "1/2-1/2"]
[WhiteElo "2558"]
[BlackElo "2655"]
[EventDate "2019.03.18"]
[Board "7"]
[PlyCount "39"]

1.d4 Nf6 2.c4 e6 3.Nc3 Bb4 4.Nf3 O-O 5.Bg5 c5 6.e3 cxd4 7.exd4 d5 8.Rc1 h6
9.Bh4 Nc6 10.a3 Be7 11.c5 Ne4 12.Bxe7 Qxe7 13.Be2 Rd8 14.O-O e5 15.Nxe5 
Nxe5 16.dxe5 Nxc3 17.Rxc3 d4 18.Rc1 Qxe5 19.Bd3 Bf5 20.b4 1/2-1/2

[Event "20th EUR-ch"]
[Site "Skopje MKD"]
[Date "2019.03.20"]
[Round "3"]
[White "Fressinet, Laurent"]
[Black "Arutinian, David"]
[Result "1/2-1/2"]
[WhiteElo "2652"]
[BlackElo "2555"]
[EventDate "2019.03.18"]
[Board "8"]
[PlyCount "93"]

1.e4 c6 2.d4 d5 3.e5 Bf5 4.Nf3 e6 5.Be2 Ne7 6.c3 Nd7 7.O-O h6 8.a4 a5 9.
Na3 Bh7 10.Nc2 c5 11.Nfe1 Nc6 12.Bd3 Bxd3 13.Nxd3 cxd4 14.Nxd4 Nc5 15.Nb5 
Rc8 16.Nxc5 Bxc5 17.Be3 Be7 18.f4 O-O 19.Qg4 Qd7 20.Rae1 f6 21.exf6 Rxf6 
22.Kh1 Bf8 23.Qe2 Re8 24.Rd1 Qf7 25.Qd3 e5 26.fxe5 Rxf1+ 27.Rxf1 Nxe5 28.
Qd1 Qd7 29.Bd4 Nc4 30.b3 Nd6 31.Nxd6 Bxd6 32.Qh5 Qe6 33.g3 Rf8 34.Rxf8+ 
Kxf8 35.Qf3+ Kg8 36.Kg2 Bc7 37.Qe3 Qxe3 38.Bxe3 h5 39.Kf3 Kf7 40.h3 Ke6 
41.g4 hxg4+ 42.Kxg4 Be5 43.Bd2 g6 44.Kg5 Kf7 45.b4 Bf6+ 46.Kf4 Ke6 47.Kf3 
1/2-1/2

[Event "20th EUR-ch"]
[Site "Skopje MKD"]
[Date "2019.03.20"]
[Round "3"]
[White "Alexeenko, Kirill"]
[Black "Halkias, Stelios"]
[Result "1-0"]
[WhiteElo "2644"]
[BlackElo "2552"]
[EventDate "2019.03.18"]
[Board "9"]
[PlyCount "69"]

1.e4 c6 2.d4 d5 3.e5 c5 4.dxc5 e6 5.Nf3 Bxc5 6.Bd3 Ne7 7.a3 Ng6 8.b4 Be7 
9.Bb2 a5 10.b5 a4 11.O-O Nd7 12.Re1 Nc5 13.Bf1 O-O 14.Nbd2 b6 15.g3 Bb7 
16.Bg2 Qc7 17.h4 f5 18.Nd4 Rfd8 19.Qe2 Bf8 20.Rad1 Qf7 21.c4 f4 22.cxd5 
Bxd5 23.Nc4 Bxg2 24.Kxg2 Rd5 25.h5 Qb7 26.Qf3 Ne7 27.Nd6 Qd7 28.gxf4 Rd8 
29.Kh2 Nc8 30.Nxe6 Rxd1 31.Nxc5 Qxd6 32.exd6 Rxe1 33.Qd5+ Kh8 34.Nb7 Rd7 
35.Qf5 1-0

[Event "20th EUR-ch"]
[Site "Skopje MKD"]
[Date "2019.03.20"]
[Round "3"]
[White "Tsydypov, Zhamsaran"]
[Black "Piorun, Kacper"]
[Result "0-1"]
[WhiteElo "2551"]
[BlackElo "2631"]
[EventDate "2019.03.18"]
[Board "10"]
[PlyCount "50"]

1.e4 e5 2.Nf3 Nc6 3.d4 exd4 4.Nxd4 Nf6 5.Nxc6 bxc6 6.e5 Qe7 7.Qe2 Nd5 8.c4
Ba6 9.b3 O-O-O 10.Qb2 Nb6 11.Be2 Re8 12.f4 f6 13.a4 fxe5 14.O-O exf4 15.
Nc3 Nd5 16.cxd5 Bxe2 17.Rf2 Ba6 18.Bxf4 Qb4 19.Kh1 Bc5 20.Rf3 Rhf8 21.Qc1 
g5 22.Bxg5 Rxf3 23.gxf3 Bd4 24.Bd2 Qf8 25.f4 Qg7 0-1

[Event "20th EUR-ch"]
[Site "Skopje MKD"]
[Date "2019.03.20"]
[Round "3"]
[White "Kadric, Denis"]
[Black "Rakhmanov, Alexander"]
[Result "1/2-1/2"]
[WhiteElo "2547"]
[BlackElo "2629"]
[EventDate "2019.03.18"]
[Board "11"]
[PlyCount "64"]

1.e4 d5 2.exd5 Qxd5 3.Nf3 Bg4 4.Be2 Nc6 5.h3 Bxf3 6.Bxf3 Qe6+ 7.Qe2 Nd4 8.
Qxe6 Nxf3+ 9.gxf3 fxe6 10.Nc3 Nh6 11.Ne4 Nf5 12.c3 e5 13.d3 g6 14.Ke2 Bg7 
15.Be3 b6 16.a4 Kd7 17.h4 Bf6 18.h5 Ke6 19.a5 Ng7 20.hxg6 hxg6 21.Rxh8 
Rxh8 22.axb6 axb6 23.Ra7 Rc8 24.c4 Nf5 25.Nc3 Nd4+ 26.Bxd4 exd4 27.Ne4 Be5
28.b4 Rh8 29.Ra1 Bf4 30.b5 Kf7 31.Nd2 g5 32.Ne4 Ke6 1/2-1/2

[Event "20th EUR-ch"]
[Site "Skopje MKD"]
[Date "2019.03.20"]
[Round "3"]
[White "Kobalia, Mikhail"]
[Black "Sychev, Klementy"]
[Result "1/2-1/2"]
[WhiteElo "2627"]
[BlackElo "2545"]
[EventDate "2019.03.18"]
[Board "12"]
[PlyCount "51"]

1.e4 c5 2.Nf3 e6 3.d4 cxd4 4.Nxd4 Nc6 5.Nc3 Qc7 6.Be3 a6 7.Be2 Nf6 8.O-O 
Be7 9.f4 d6 10.Kh1 O-O 11.Qe1 Nxd4 12.Bxd4 b5 13.a3 Nd7 14.Rd1 Bb7 15.Bf3 
e5 16.Be3 exf4 17.Bxf4 Ne5 18.Be2 Rfe8 19.Qg3 Rad8 20.Be3 Bf8 21.Qf2 Rc8 
22.Rd4 Qd7 23.Bf4 Rc7 24.h3 Qc8 25.Bg3 Re6 26.Rfd1 1/2-1/2

[Event "20th EUR-ch"]
[Site "Skopje MKD"]
[Date "2019.03.20"]
[Round "3"]
[White "Paravian, David"]
[Black "Zhigalko, Andrei"]
[Result "1/2-1/2"]
[WhiteElo "2627"]
[BlackElo "2541"]
[EventDate "2019.03.18"]
[Board "13"]
[PlyCount "87"]

1.e4 e5 2.Nf3 Nc6 3.Bb5 a6 4.Ba4 b5 5.Bb3 g6 6.a4 b4 7.d4 exd4 8.Nxd4 Na5 
9.Ba2 Bg7 10.c3 Rb8 11.O-O Ne7 12.cxb4 Nac6 13.Nc2 Nxb4 14.Nxb4 Rxb4 15.
Bd2 Rxb2 16.Bc3 Bxc3 17.Nxc3 O-O 18.Qc1 Rb6 19.a5 Rc6 20.Qe3 d6 21.f4 Be6 
22.f5 gxf5 23.Bxe6 fxe6 24.exf5 exf5 25.Ne2 Rc5 26.Nf4 Re5 27.Qg3+ Kh8 28.
Rae1 Qd7 29.Qc3 Qc6 30.Qa1 Kg8 31.Rxe5 dxe5 32.Qxe5 Ng6 33.Qe6+ Qxe6 34.
Nxe6 Re8 35.Nxc7 Re5 36.Ra1 Ne7 37.Nxa6 Nc6 38.Rc1 Nxa5 39.Nc5 Nc6 40.Nd3 
Re6 41.Nf4 Rd6 42.Rc5 Ne7 43.Kf2 Rc6 44.Rxc6 1/2-1/2

[Event "20th EUR-ch"]
[Site "Skopje MKD"]
[Date "2019.03.20"]
[Round "3"]
[White "Vocaturo, Daniele"]
[Black "Arizmendi Martinez, Julen Luis"]
[Result "1/2-1/2"]
[WhiteElo "2616"]
[BlackElo "2506"]
[EventDate "2019.03.18"]
[Board "15"]
[PlyCount "141"]

1.e4 c6 2.d4 d5 3.exd5 cxd5 4.Bd3 Nc6 5.c3 Nf6 6.Bf4 Bg4 7.Qb3 Qd7 8.Nd2 
e6 9.Ngf3 Bd6 10.Bxd6 Qxd6 11.O-O O-O 12.Rfe1 Nd7 13.Qc2 g6 14.Re3 Bxf3 
15.Nxf3 e5 16.dxe5 Ndxe5 17.Nxe5 Nxe5 18.Be2 f5 19.Qd1 f4 20.Re4 f3 21.
Bxf3 Nxf3+ 22.gxf3 Rf5 23.Rg4 Raf8 24.Rg3 Qb6 25.Qe2 d4 26.cxd4 Qxd4 27.
Rd1 Qe5 28.Qxe5 Rxe5 29.Rd2 Kg7 30.Rd7+ Rf7 31.Rxf7+ Kxf7 32.Rg4 Re2 33.
Rf4+ Kg7 34.Rb4 b6 35.Kg2 Rc2 36.a4 Kf6 37.Rf4+ Kg7 38.b4 a6 39.Rd4 Ra2 
40.b5 axb5 41.axb5 Rb2 42.Rd5 Kf7 43.Re5 Kf6 44.f4 Rb3 45.h4 h5 46.Rg5 Rb4
47.Kg3 Rb3+ 48.f3 Rb1 49.Rd5 Ke6 50.Re5+ Kf6 51.Rg5 Rg1+ 52.Kf2 Rb1 53.Kg2
Rb2+ 54.Kg3 Rb1 55.f5 gxf5 56.Rxh5 Kg6 57.Rg5+ Kf6 58.f4 Rb3+ 59.Kg2 Rb2+ 
60.Kh3 Rb3+ 61.Kg2 Rb2+ 62.Kf3 Rb3+ 63.Kf2 Rb2+ 64.Kg3 Rb3+ 65.Kh2 Rb2+ 
66.Kh3 Rb3+ 67.Rg3 Rxg3+ 68.Kxg3 Kg6 69.Kh3 Kh5 70.Kg3 Kg6 71.Kh3 1/2-1/2

[Event "20th EUR-ch"]
[Site "Skopje MKD"]
[Date "2019.03.20"]
[Round "3"]
[White "Chigaev, Maxim"]
[Black "Zajic, Milan"]
[Result "1-0"]
[WhiteElo "2613"]
[BlackElo "2485"]
[EventDate "2019.03.18"]
[Board "16"]
[PlyCount "65"]

1.Nf3 Nf6 2.g3 d5 3.Bg2 e6 4.O-O Be7 5.b3 O-O 6.c4 b6 7.Bb2 Bb7 8.e3 dxc4 
9.bxc4 c5 10.Nc3 Nc6 11.Qe2 Rc8 12.Rad1 Qc7 13.Ne1 a6 14.f4 Na5 15.g4 Bxg2
16.Nxg2 Qb7 17.f5 Nd7 18.Nf4 Qc6 19.Nh5 Rce8 20.d3 b5 21.Ne4 f6 22.Qg2 Rf7
23.g5 exf5 24.gxf6 Bf8 25.Rxf5 g6 26.cxb5 Qxb5 27.Rg5 Qa4 28.Rf1 Qxa2 29.
Rxg6+ hxg6 30.Qxg6+ Bg7 31.Ng5 Nf8 32.Qxf7+ Qxf7 33.Nxf7 1-0

[Event "20th EUR-ch"]
[Site "Skopje MKD"]
[Date "2019.03.20"]
[Round "3"]
[White "Baron, Tal"]
[Black "Svane, Rasmus"]
[Result "1/2-1/2"]
[WhiteElo "2506"]
[BlackElo "2610"]
[EventDate "2019.03.18"]
[Board "17"]
[PlyCount "53"]

1.d4 d5 2.Nf3 Nf6 3.Bf4 e6 4.e3 Bd6 5.Bxd6 Qxd6 6.c4 O-O 7.c5 Qe7 8.Nc3 b6
9.b4 a5 10.a3 axb4 11.axb4 Rxa1 12.Qxa1 Nc6 13.Qa4 Bb7 14.Bb5 Ne4 15.Qb3 
Rb8 16.Bxc6 Bxc6 17.Ne5 Qe8 18.Nxc6 Qxc6 19.Nxe4 dxe4 20.O-O bxc5 21.Rc1 
Qb5 22.Rxc5 Qd3 23.Rc3 Qd2 24.h3 h5 25.Qc2 Qxc2 26.Rxc2 Rxb4 27.Rxc7 
1/2-1/2

[Event "20th EUR-ch"]
[Site "Skopje MKD"]
[Date "2019.03.20"]
[Round "3"]
[White "Bartel, Mateusz"]
[Black "Belyakov, Bogdan"]
[Result "1-0"]
[WhiteElo "2600"]
[BlackElo "2464"]
[EventDate "2019.03.18"]
[Board "19"]
[PlyCount "137"]

1.c4 Nf6 2.Nc3 g6 3.e4 d6 4.d4 Bg7 5.h3 O-O 6.Be3 c5 7.Nf3 cxd4 8.Nxd4 b6 
9.Qd2 Bb7 10.f3 Nbd7 11.Bh6 a6 12.h4 Bxh6 13.Qxh6 Kh8 14.g4 Rg8 15.O-O-O 
Rc8 16.Qe3 Ne5 17.h5 g5 18.Nf5 Bc6 19.Kb1 Bd7 20.Nd4 h6 21.Be2 Qf8 22.Nd5 
Nxd5 23.cxd5 b5 24.Nb3 Qg7 25.Na5 Qf6 26.Qa7 Qf4 27.Nc6 Bxc6 28.dxc6 Nxc6 
29.Qxa6 Ne5 30.Qxb5 Rb8 31.Qd5 Rb6 32.Qd2 Qf6 33.Rhf1 Rgb8 34.b3 Qe6 35.
Qd5 Qf6 36.Rc1 Kg7 37.Rc2 Rb4 38.Qd2 Nd7 39.Qc3 Ne5 40.Rd1 R4b7 41.Qb2 Kh7
42.Rc3 Nd7 43.Rd5 Ra7 44.Rb5 Rba8 45.a4 Ne5 46.Qd2 Kg7 47.Kc2 Kh7 48.Qe3 
Kg7 49.Rd5 Kh7 50.Bb5 Kg7 51.Bc6 Nxc6 52.Rxc6 Qe6 53.Qc3+ f6 54.a5 Qd7 55.
b4 Qb7 56.Kd2 Qd7 57.Ke2 Qd8 58.Qc4 Rd7 59.Rd2 Qb8 60.a6 d5 61.Rxd5 Rxd5 
62.exd5 Qh2+ 63.Kd3 Qh1 64.Qe4 Kf8 65.Kc2 Qa1 66.Qc4 Qa3 67.d6 Qxf3 68.
dxe7+ Kxe7 69.Qe6+ 1-0

[Event "20th EUR-ch"]
[Site "Skopje MKD"]
[Date "2019.03.20"]
[Round "3"]
[White "Tomashevsky, Evgeny"]
[Black "Janik, Igor"]
[Result "1/2-1/2"]
[WhiteElo "2705"]
[BlackElo "2454"]
[EventDate "2019.03.18"]
[Board "20"]
[PlyCount "239"]

1.Nf3 Nf6 2.c4 e6 3.g3 d5 4.b3 Be7 5.Bg2 O-O 6.O-O b6 7.Nc3 Bb7 8.d4 c5 9.
dxc5 dxc4 10.cxb6 cxb3 11.bxa7 Qxd1 12.Rxd1 Rxa7 13.Be3 Ra3 14.axb3 Rxb3 
15.Nd4 Rb4 16.Bxb7 Rxb7 17.Rdb1 Rxb1+ 18.Rxb1 Nbd7 19.Nc6 Bc5 20.Bxc5 Nxc5
21.Ra1 Nfe4 22.Nb5 Nb7 23.f3 Ned6 24.Nbd4 Re8 25.Kf2 e5 26.Nb3 f6 27.Ra7 
Kf8 28.Nb4 Rc8 29.Na5 Nxa5 30.Rxa5 Rc7 31.Nd5 Rb7 32.g4 Kf7 33.Ne3 Rd7 34.
h4 Nb7 35.Rb5 Nd6 36.Ra5 Nb7 37.Rb5 Nd6 38.Rb6 Nc8 39.Rc6 Ne7 40.Ra6 Nd5 
41.Nf5 Nf4 42.h5 g6 43.Nd6+ Ke7 44.hxg6 hxg6 45.Ne4 Ne6 46.Ra5 Kf7 47.Ra6 
f5 48.Nd6+ Kf6 49.Kg3 fxg4 50.Kxg4 Ke7 51.Ne4 Rd1 52.Ra7+ Kf8 53.Kg3 Nf4 
54.Kf2 Rb1 55.Ng3 Rb2 56.Ke3 Rb5 57.Ke4 Ne6 58.Kd3 Rd5+ 59.Ke3 Rb5 60.Ne4 
Nf4 61.Nc3 Rc5 62.Kd2 Ne6 63.Ne4 Rb5 64.e3 Rd5+ 65.Kc3 Ng7 66.Nf6 Rd6 67.
Nd7+ Kg8 68.Nxe5 Nf5 69.Ng4 Rd1 70.e4 Rf1 71.Nf6+ Kf8 72.Nh7+ Kg8 73.Nf6+ 
Kf8 74.Nh7+ Kg8 75.Ng5 Nh4 76.Ra8+ Kg7 77.f4 Ng2 78.Ra7+ Kg8 79.Kd4 Nxf4 
80.Ke5 Nd3+ 81.Ke6 Nc5+ 82.Kd5 Nxe4 83.Kxe4 Re1+ 84.Kd5 Kf8 85.Nh7+ Ke8 
86.Nf6+ Kf8 87.Ne4 Rf1 88.Ke6 Re1 89.Ke5 g5 90.Kf5 Rf1+ 91.Ke6 g4 92.Nf6 
Re1+ 93.Kf5 Re7 94.Ra8+ Kf7 95.Nxg4 Rb7 96.Ne5+ Ke7 97.Ra6 Rb1 98.Re6+ Kd8
99.Rd6+ Kc7 100.Rc6+ Kb7 101.Rc2 Re1 102.Ke6 Kb6 103.Rc8 Kb5 104.Rc7 Rh1 
105.Nf3 Rh5 106.Kd6 Kb4 107.Ne5 Rh1 108.Rb7+ Kc3 109.Kc5 Rh8 110.Rc7 Rd8 
111.Nc4 Rd4 112.Nd6 Rh4 113.Kd5+ Kd3 114.Nf7 Rd4+ 115.Ke6 Ra4 116.Kf5 Ra5+
117.Ne5+ Kd4 118.Rc4+ Ke3 119.Rb4 Ra8 120.Rb3+ 1/2-1/2

[Event "20th EUR-ch"]
[Site "Skopje MKD"]
[Date "2019.03.20"]
[Round "3"]
[White "Ragger, Markus"]
[Black "Moroni, Luca jr"]
[Result "1/2-1/2"]
[WhiteElo "2696"]
[BlackElo "2564"]
[EventDate "2019.03.18"]
[Board "22"]
[PlyCount "79"]

1.e4 e5 2.Nf3 Nc6 3.Bc4 Bc5 4.c3 Nf6 5.d4 exd4 6.e5 d5 7.Be2 Ne4 8.cxd4 
Bb6 9.Nc3 O-O 10.Be3 Bg4 11.h3 Bh5 12.Rc1 Nxc3 13.bxc3 f6 14.exf6 Qxf6 15.
O-O Rae8 16.Qd2 Qd6 17.Rfe1 h6 18.a4 Re4 19.Qc2 Bxf3 20.Bxf3 Rxf3 21.gxf3 
Rh4 22.Kg2 Ne7 23.Rh1 c5 24.a5 Bxa5 25.dxc5 Qe6 26.Kf1 Nf5 27.Qe2 Rc4 28.
Bd2 Qf7 29.Rg1 Rxc5 30.Rg4 Rc6 31.Re1 Bxc3 32.Bxc3 Rxc3 33.Qe8+ Qxe8 34.
Rxe8+ Kf7 35.Re5 Kf6 36.Rxd5 Rxf3 37.Rb5 Nd6 38.Rd5 Nf5 39.Rb5 Nd6 40.Rd5 
1/2-1/2

[Event "20th EUR-ch"]
[Site "Skopje MKD"]
[Date "2019.03.20"]
[Round "3"]
[White "Nisipeanu, Liviu-Dieter"]
[Black "Santos Ruiz, Miguel"]
[Result "1/2-1/2"]
[WhiteElo "2670"]
[BlackElo "2560"]
[EventDate "2019.03.18"]
[Board "23"]
[PlyCount "33"]

1.e4 e5 2.Nf3 Nc6 3.Bb5 a6 4.Ba4 Nf6 5.d3 d6 6.c3 g6 7.O-O Bg7 8.h3 O-O 9.
Be3 Kh8 10.Nbd2 Nd7 11.Bxc6 bxc6 12.Qa4 c5 13.d4 f5 14.exf5 gxf5 15.Bg5 
Qe8 16.Qc6 Ra7 17.dxe5 1/2-1/2

[Event "20th EUR-ch"]
[Site "Skopje MKD"]
[Date "2019.03.20"]
[Round "3"]
[White "Grigoriants, Sergey"]
[Black "Ponomariov, Ruslan"]
[Result "1/2-1/2"]
[WhiteElo "2543"]
[BlackElo "2667"]
[EventDate "2019.03.18"]
[Board "24"]
[PlyCount "29"]

1.Nf3 d5 2.d4 Nf6 3.c4 dxc4 4.e3 b5 5.a4 b4 6.Nbd2 c3 7.bxc3 bxc3 8.Nb1 e6
9.Nxc3 Bb4 10.Qb3 a5 11.Ba3 Nd5 12.Bxb4 Nxb4 13.Bb5+ c6 14.Be2 O-O 15.O-O 
1/2-1/2

[Event "20th EUR-ch"]
[Site "Skopje MKD"]
[Date "2019.03.20"]
[Round "3"]
[White "Edouard, Romain"]
[Black "Christiansen, Johan-Sebastian"]
[Result "1/2-1/2"]
[WhiteElo "2658"]
[BlackElo "2539"]
[EventDate "2019.03.18"]
[Board "25"]
[PlyCount "49"]

1.e4 c5 2.Nf3 d6 3.d4 cxd4 4.Nxd4 Nf6 5.Nc3 g6 6.Be3 Bg7 7.f3 O-O 8.Qd2 
Nc6 9.O-O-O d5 10.exd5 Nxd5 11.Nxc6 bxc6 12.Bd4 Bxd4 13.Qxd4 Qb6 14.Qe5 
Be6 15.Na4 Qa5 16.b3 Qb4 17.c4 Nf6 18.Bd3 Rfd8 19.Bc2 Nd7 20.Qc3 Qa3+ 21.
Qb2 Qb4 22.h4 Nb6 23.Qc3 Qa3+ 24.Qb2 Qb4 25.Qc3 1/2-1/2

[Event "20th EUR-ch"]
[Site "Skopje MKD"]
[Date "2019.03.20"]
[Round "3"]
[White "Shevchenko, Kirill"]
[Black "Kovalenko, Igor"]
[Result "1/2-1/2"]
[WhiteElo "2535"]
[BlackElo "2658"]
[EventDate "2019.03.18"]
[Board "26"]
[PlyCount "139"]

1.d4 Nf6 2.c4 c6 3.Nf3 d5 4.Nc3 dxc4 5.a4 Bf5 6.Ne5 Nbd7 7.Nxc4 Nb6 8.Ne5 
a5 9.g3 e6 10.Bg2 Bb4 11.O-O O-O 12.Bg5 h6 13.Bxf6 Qxf6 14.e3 Qe7 15.Ne4 
Rfd8 16.Qb3 Rac8 17.Rac1 Nd5 18.Nc5 Bh7 19.Rfd1 Kh8 20.Ned3 Bxc5 21.Rxc5 
b6 22.Rcc1 Bxd3 23.Qxd3 Nb4 24.Qe4 Kg8 25.h4 Qe8 26.Bf1 h5 27.Be2 g6 28.b3
Qe7 29.Rc4 Rd5 30.Rdc1 Kg7 31.Bf3 Qd8 32.Qb1 Rd6 33.Qe4 Qf6 34.Bg2 Rcd8 
35.Qf3 Qe7 36.Qe4 R8d7 37.Bf3 Rc7 38.Bg2 Kh7 39.Bf3 Kg8 40.Bg2 Qf6 41.Qf3 
Qd8 42.Qe4 Qe7 43.Bf3 Rc8 44.Bg2 Kf8 45.Bf3 Kg8 46.Bg2 Rd7 47.Bf3 Rdc7 48.
Be2 Qd6 49.Rd1 Kf8 50.Bf3 Ke7 51.Rdc1 Rg8 52.Bg2 Rd8 53.Bf3 Rdc8 54.Bg2 
Qd8 55.Bf3 Kd7 56.Qf4 Qe7 57.Be4 Ke8 58.Qf3 Qd6 59.Qf6 Qd7 60.Qh8+ Ke7 61.
Qg7 Kd6 62.Qe5+ Ke7 63.Qg7 Kd8 64.Qf8+ Qe8 65.Qd6+ Rd7 66.Qf4 Rdc7 67.Qd6+
Qd7 68.Qf8+ Qe8 69.Qd6+ Qd7 70.Qf8+ 1/2-1/2

[Event "20th EUR-ch"]
[Site "Skopje MKD"]
[Date "2019.03.20"]
[Round "3"]
[White "Moiseenko, Olexandr"]
[Black "Lobanov, Sergei"]
[Result "1-0"]
[WhiteElo "2648"]
[BlackElo "2526"]
[EventDate "2019.03.18"]
[Board "27"]
[PlyCount "145"]

1.d4 Nf6 2.c4 e6 3.Nc3 Bb4 4.Nf3 b6 5.e3 Bb7 6.Bd3 c5 7.O-O O-O 8.Na4 cxd4
9.a3 Be7 10.exd4 d6 11.Re1 Nbd7 12.Be3 Rc8 13.Rc1 Rc7 14.b4 Qa8 15.Nc3 a6 
16.Bf1 Rfc8 17.Nd2 b5 18.c5 Nd5 19.Nxd5 Bxd5 20.a4 e5 21.axb5 axb5 22.Bxb5
Qb7 23.Qe2 Rb8 24.Bxd7 Rxd7 25.b5 dxc5 26.dxc5 Rc7 27.c6 Qxb5 28.Rb1 Bb4 
29.Bd4 Qxe2 30.Rxe2 f6 31.Bc3 Bxc3 32.Rxb8+ Kf7 33.Rb7 Rxb7 34.cxb7 Bxb7 
35.Ne4 Bxe4 36.Rxe4 Bd4 37.g4 Kg6 38.Kg2 h5 39.f3 hxg4 40.fxg4 f5 41.gxf5+
Kxf5 42.Kf3 g5 43.h3 Bc3 44.Ra4 Bd4 45.Ra5 Bb6 46.Rd5 Bd4 47.Rb5 Bc3 48.
Rb8 Bd2 49.Rf8+ Ke6 50.Ke4 Bf4 51.Rd8 Ke7 52.Rd1 Ke6 53.Rd3 Bh2 54.Rd5 Bf4
55.Ra5 Kd6 56.Ra6+ Kc5 57.Rg6 Kc4 58.Rc6+ Kb5 59.Kd5 Kb4 60.Rc8 Kb5 61.
Rb8+ Ka6 62.Kc5 Ka7 63.Rb5 Ka6 64.Kc6 Ka7 65.Rb6 Bh2 66.Rb7+ Ka8 67.Rb2 
Bf4 68.Kc7 e4+ 69.Kc6 e3 70.Kd5 Bg3 71.Ke4 Bf2 72.Kf3 Ka7 73.Rb5 1-0

[Event "20th EUR-ch"]
[Site "Skopje MKD"]
[Date "2019.03.20"]
[Round "3"]
[White "Ruck, Robert"]
[Black "Kuzubov, Yuriy"]
[Result "0-1"]
[WhiteElo "2521"]
[BlackElo "2644"]
[EventDate "2019.03.18"]
[Board "28"]
[PlyCount "73"]

1.Nf3 d5 2.d4 Nf6 3.c4 e6 4.Nc3 Nbd7 5.Bf4 dxc4 6.e3 Nd5 7.Bxc4 Nxf4 8.
exf4 Nb6 9.Bb3 g6 10.Qe2 Bg7 11.O-O O-O 12.Ne4 a5 13.Rac1 a4 14.Bc2 Nd5 
15.g3 b6 16.Rfd1 a3 17.bxa3 Rxa3 18.Bb3 Bb7 19.Ne5 Qa8 20.Ng5 Qe8 21.Ne4 
Qe7 22.Nc6 Bxc6 23.Rxc6 Ra7 24.Ng5 Qd7 25.Rcc1 Rd8 26.h4 Qd6 27.Ne4 Qe7 
28.Ng5 Bf6 29.Ne4 h5 30.Rd2 Bxh4 31.gxh4 Nxf4 32.Qf3 Qxh4 33.Rcd1 Ra5 34.
Qg3 Nh3+ 35.Kf1 Qxe4 36.Qxh3 Rg5 37.Rd3 0-1